000 01295nam a22002537a 4500
003 NALT
005 20251125232943.0
008 s2547 th tha d
040 _aNALT
041 _atha
090 _aKS107
_bพ596ว 2547
110 0 _aกระทรวงพาณิชย์. กรมทรัพย์สินทางปัญญา
245 1 0 _aวิธีสร้างความมั่งคั่งด้วยทรัพย์สินทางปัญญา ก้าวแรกสู่สิทธิบัตรและอนุสิทธิบัตร
260 3 _aกรุงเทพฯ :
_bกรมทรัพย์สินทางปัญญา,
_c2547
300 _a126 หน้า :
_bภาพประกอบ, แผนภูมิ ;
_c21 ซม.
610 _aกระทรวงพาณิชย์. กรมทรัพย์สินทางปัญญา
650 0 4 _aอนุสิทธิบัตร
650 0 4 _aสิทธิบัตร
650 0 4 _aสิทธิบัตรอนุสิทธิบัตร
850 _aNALT
856 4 0 _uhttps://hdl.handle.net/20.500.14156/301703
942 _cLB
_2lcc
999 _c42770
_d42770
998 _j109
_k อารีรัตน์ วิชาช่าง